000 00402 a2200145 4500
005 20250627143422.0
020 _a978-0-273-78998-7
082 _a338.5 PER
100 _aPERLOFF, J . M.
245 _aMicroeconomics With Calculus
250 _a3rd Ed.
260 _aBoston,
_bPearson Education Ltd,
_c2014.
300 _a800p.: figure, picture, table,
_bindex & references,
_c25cm.
942 _2ddc
_cBKS
999 _c5687
_d5687